000 00682nam a22002177a 4500
999 _c342231
_d342231
003 NUST
005 20180119163700.0
008 151029b xxu||||| |||| 00| 0 eng d
020 _a9788120338173
040 _c0
082 _a658.404 PAN
100 _aPanneerselvam, R.
_97254
245 _aProject Management
_cR. Panneerselvam
250 _aE E ed.
260 _aIndia
_bPHI Learning
_c2009.
300 _a416p.
_bPB
440 _aProject Management
_97255
500 _aP.B
600 _aR. Panneerselvam
_97256
700 _aR. Panneerselvam
_97256
942 _2ddc
_cBK
_kIESE